000 00480nam a2200181Ia 4500
008 240925s9999 xx 000 0 und d
020 _a831709299
082 _a621.3 TOR
100 _aToro, Vincent Del
245 0 _aElectrical Engineering Fundamentals
250 _a2nd
260 _aNew Delhi:
_bPearson Printice Hall
_c,2007.
300 _axvi,281p.
_bNA
_fPhotocopy
500 _aIncludes Index
600 _aElectrical Engineering
650 _aTechnology
942 _cBK
999 _c9811
_d9811